| 000 | 00770nam a2200289Ia 4500 | ||
|---|---|---|---|
| 005 | 20260324141507.0 | ||
| 008 | 008 260324s9999 xx 000 0 eng d | ||
| 020 | _a9780429464690 | ||
| 037 | _aEBOOK | ||
| 040 | _aCRL | ||
| 040 | _beng | ||
| 040 | _cCRL | ||
| 041 | _2eng | ||
| 041 | _aeng | ||
| 084 | _qCRL | ||
| 100 |
_aConstantin Stefanou; Helen Xanthaki _91208401 |
||
| 245 | 2 | _aA Legal and Political Interpretation of Articles 224 and 225 of the Treaty of Rome | |
| 245 | 4 | _bThe Former Yugoslav Republic of Macedonia Cases | |
| 260 | _bTaylor and Francis | ||
| 260 | _c1997 | ||
| 365 | _a | ||
| 365 | _b150 | ||
| 856 | _uhttp://www.taylorfrancis.com/books/9780429464690 | ||
| 942 | _cEBOOK | ||
| 999 |
_c1811550 _d1811550 |
||